Pays qui produisent le plus de vin - Statistiques

Statistiques générales
  • Ce quiz a été pris 20 082 fois
    20 009 depuis la dernière actualisation
  • Le résultat moyen est 14 sur 20
Statistiques - réponses
Tonnes Pays % Correct
4 889 000 France
100%
4 440 000 Espagne
97%
5 415 000 Italie
97%
2 384 000 Etats-Unis
96%
1 922 000 Chine
89%
588 000 Portugal
85%
633 000 Allemagne
84%
1 452 000 Argentine
79%
390 000 Brésil
78%
428 000 Russie
78%
1 285 000 Australie
72%
300 000 Grèce
71%
1 290 000 Chili
66%
222 000 Autriche
51%
302 000 Nouvelle-Zélande
50%
950 000 Afrique du Sud
46%
126 000 Roumanie
44%
355 000 Hongrie
41%
117 000 Bulgarie
35%
178 000 Moldavie
14%
Aucun quiz correspondant
Distribution des résultats
% des personnes avec chaque résultat
Percentile par nombre de réponses
Votre historique - résultats
Vous n’avez pas pris ce quiz depuis la dernière actualisation